| 000 | 00684cab a2200217 4500 | ||
|---|---|---|---|
| 001 | WB3423-08 | ||
| 008 | 090401t1998 xxu||||| |||| 00| 0 eng d | ||
| 035 | _a(Sirsi) u86837 | ||
| 041 | _aeng | ||
| 245 | _aAsda takeaway | ||
| 260 | _c1998 | ||
| 350 | _a0 | ||
| 490 |
_aFinancial Times _v15 June 1998, 1(1) |
||
| 520 | _aAsda plans to build a chain of drive through fast food restaurants next to 60 of its 217 superstores. The first takeaway outlet is due to open in Canterbury in July. | ||
| 650 | _aASDA | ||
| 650 | _aDRIVE-THRU RESTAURANT | ||
| 650 | _aFAST FOOD OUTLETS | ||
| 690 | _aPROPERTY-COMMERCIAL PROPERTY-RETAIL PROPERTY | ||
| 942 | _n0 | ||
| 948 | _c16/06/1998 | ||
| 999 |
_c54681 _d54681 |
||